| 000 | 00596nam a2200181Ia 4500 | ||
|---|---|---|---|
| 008 | 090124s9999 xx 000 0 und d | ||
| 082 |
_b42446 _a294.59 |
||
| 100 | _aघैसास दिवाकर अनंत | ||
| 245 | _a भक्तिगीता | ||
| 250 | _a2 | ||
| 260 |
_bघैसास दिवाकर अनंत _c1988 |
||
| 300 | _a108 | ||
| 600 | _aघैसास दिवाकर अनंत | ||
| 630 | _a भक्तिगीता | ||
| 700 | _aघैसास दिवाकर अनंत | ||
| 730 | _a भक्तिगीता | ||
| 942 | _cBOOK | ||
| 999 |
_c108639 _d108639 |
||